| 000 | 01367nam a2200301u 4500 | ||
|---|---|---|---|
| 005 | 00000000000000.0 | ||
| 008 | 810522s1962 nyua j 00| 1 eng | ||
| 010 | _aB-357824 | ||
| 020 |
_a9780746060049 _c65.00 |
||
| 020 |
_a0746060041 _c65.00 |
||
| 035 | _aB-357824 | ||
| 035 | _aB-345585 | ||
| 037 | _bTarun Books | ||
| 040 |
_adpl _bEnglish |
||
| 082 | _aS | ||
| 100 | _aPunter, Russell | ||
| 245 |
_aStories of monsters / _cby Russell Punter; illustrated by Mike Phillips |
||
| 260 |
_aLondon _bUsborne Publishing _c2004 |
||
| 270 |
_aUsborne House, 83-85 Saffron Hill _bLondon _eEC1N 8RT |
||
| 300 |
_a48p. : _bill. _c20cm(pbk) |
||
| 490 |
_aUsborne young reading; edited by Lesley Sims _vseries one |
||
| 700 | _aPhillips, Mike | ||
| 942 |
_2ddc _cCH _hS _mPUN |
||
| 999 |
_c21672 _d21672 |
||